000
00212nam a2200097Ia 4500
008
240331s9999 xx 000 0 und d
082
_b
BHA
100
_a
Bhawananthi,M
245
0
_a
Arumuganawalarnanool
942
_c
L
999
_c
3976
_d
3976